Исследование поведения водорода в нержавеющей стали при температурном и радиационным воздействии: автореферат диссертации на соискание ученой степени кандидата технических наук; спец. 01.04.07

Manylion Llyfryddiaeth
Prif Awdur: Хашхаш А. М. Адель Мохаммед Али
Awdur Corfforaethol: Национальный исследовательский Томский политехнический университет (ТПУ)
Awduron Eraill: Чернов И. П. Иван Петрович (научный руководитель)
Crynodeb:Заглавие с титульного экрана
Электронная версия печатной публикации
Iaith:Rwseg
Cyhoeddwyd: Томск, 2010
Pynciau:
Mynediad Ar-lein:http://www.lib.tpu.ru/fulltext/a/2010/20.pdf
Fformat: Electronig Llyfr
KOHA link:https://koha.lib.tpu.ru/cgi-bin/koha/opac-detail.pl?biblionumber=184447

MARC

LEADER 00000nlm0a2200000 4500
001 184447
005 20250917071650.0
035 |a (RuTPU)RU\TPU\book\200029 
090 |a 184447 
100 |a 20100909d2010 k y0rusy50 ca 
101 0 |a rus 
102 |a RU 
105 |a a dm 000zy 
135 |a drbn ---uucaa 
181 0 |a i  
182 0 |a b 
200 1 |a Исследование поведения водорода в нержавеющей стали при температурном и радиационным воздействии  |e автореферат диссертации на соискание ученой степени кандидата технических наук  |e спец. 01.04.07  |f А. М. Хашхаш  |g Национальный исследовательский Томский политехнический университет (ТПУ) ; науч. рук. И. П. Чернов 
203 |a Текст  |c электронный 
210 |a Томск  |d 2010 
215 |a 1 файл (1 Мb) 
300 |a Заглавие с титульного экрана 
300 |a Электронная версия печатной публикации 
337 |a Adobe Reader 
452 1 |0 (RuTPU)RU\TPU\book\196112  |t Исследование поведения водорода в нержавеющей стали при температурном и радиационным воздействии  |o автореферат диссертации на соискание ученой степени кандидата технических наук  |o спец. 01.04.07  |f А. М. Хашхаш   |g Национальный исследовательский Томский политехнический университет (НИ ТПУ) ; науч. рук. И. П. Чернов  |c Томск  |d 2010  |p 19 с.  |a Хашхаш , Адель Мохаммед Али 
606 1 |a Водород в металлах и сплавах  |2 stltpush  |3 (RuTPU)RU\TPU\subj\22070  |9 46953 
610 1 |a сталь 
610 1 |a газ 
610 1 |a водород в стали 
610 1 |a радиационное выделение 
610 1 |a термическое выделение 
610 1 |a исследование 
610 1 |a установки 
610 1 |a насыщение 
610 1 |a методы 
610 1 |a авторефераты диссертаций 
610 1 |a электронный ресурс 
675 |a 669.788(04)  |v 3 
686 |a 01.04.07  |2 oksvnk 
700 1 |a Хашхаш  |b А. М.  |g Адель Мохаммед Али 
702 1 |a Чернов  |b И. П.  |c физик  |c профессор Томского политехнического университета, доктор физико-математических наук  |f 1935-2025  |g Иван Петрович  |x TPU  |y Томск  |3 (RuTPU)RU\TPU\pers\12909  |4 727  |9 3694 
712 0 2 |a Национальный исследовательский Томский политехнический университет (ТПУ)  |c (2009- )  |3 (RuTPU)RU\TPU\col\15902 
801 1 |a RU  |b 63413507  |c 20100909 
801 2 |a RU  |b 63413507  |c 20121115  |g RCR 
856 4 |u http://www.lib.tpu.ru/fulltext/a/2010/20.pdf 
942 |c CF